Information and information systems/ (Record no. 19104)
[ view plain ]
| 000 -LEADER | |
|---|---|
| fixed length control field | 00541nam a22001817a 4500 |
| 008 - FIXED-LENGTH DATA ELEMENTS--GENERAL INFORMATION | |
| fixed length control field | 211105b |||||||| |||| 00| 0 eng d |
| 020 ## - INTERNATIONAL STANDARD BOOK NUMBER | |
| International Standard Book Number | 0313274630 |
| 050 ## - LIBRARY OF CONGRESS CALL NUMBER | |
| Classification number | Z699 .B83 1991 |
| 100 ## - MAIN ENTRY--PERSONAL NAME | |
| Personal name | Buckland, Michael |
| 245 ## - TITLE STATEMENT | |
| Title | Information and information systems/ |
| Statement of responsibility, etc. | Michael Buckland |
| 260 ## - PUBLICATION, DISTRIBUTION, ETC. (IMPRINT) | |
| Place of publication, distribution, etc. | Westport |
| Name of publisher, distributor, etc. | Praeger |
| Date of publication, distribution, etc. | 1991 |
| 300 ## - PHYSICAL DESCRIPTION | |
| Extent | 225p. |
| 650 ## - SUBJECT ADDED ENTRY--TOPICAL TERM | |
| Topical term or geographic name as entry element | Information storage and retrival systems |
| 650 ## - SUBJECT ADDED ENTRY--TOPICAL TERM | |
| Topical term or geographic name as entry element | Information Technology |
| Form subdivision | Social aspects |
| 650 ## - SUBJECT ADDED ENTRY--TOPICAL TERM | |
| Topical term or geographic name as entry element | Retrival systems |
| 650 ## - SUBJECT ADDED ENTRY--TOPICAL TERM | |
| Topical term or geographic name as entry element | Libraries |
| Form subdivision | Automation |
| 942 ## - ADDED ENTRY ELEMENTS (KOHA) | |
| Source of classification or shelving scheme | Library of Congress Classification |
| Koha item type | General Collection |
| Withdrawn status | Lost status | Source of classification or shelving scheme | Not for loan | Home library | Current library | Date acquired | Cost, normal purchase price | Total Checkouts | Full call number | Barcode | Date last seen | Price effective from | Koha item type |
|---|---|---|---|---|---|---|---|---|---|---|---|---|---|
| Library of Congress Classification | Kabarak, Main Campus | Kabarak, Main Campus | 05/11/2021 | 4025.00 | Z699 .B83 1991 C.1 | 031231 | 05/11/2021 | 05/11/2021 | General Collection | ||||
| Library of Congress Classification | Kabarak, Main Campus | Kabarak, Main Campus | 05/11/2021 | 4025.00 | Z699 .B83 1991 C.2 | 031232 | 05/11/2021 | 05/11/2021 | General Collection | ||||
| Library of Congress Classification | Kabarak, Nakuru City Campus | Kabarak, Nakuru City Campus | 05/11/2021 | 5218.00 | Z699 .B83 1991 C.1 | 032355 | 28/10/2022 | 05/11/2021 | General Collection |